A Guide to the book of Genesis. (Record no. 9475)

MARC details
000 -LEADER
fixed length control field 00744nam a2200253u 4500
001 - CONTROL NUMBER
control field 932630
003 - CONTROL NUMBER IDENTIFIER
control field GBCCL
005 - DATE AND TIME OF LATEST TRANSACTION
control field 20241126110712.0
008 - FIXED-LENGTH DATA ELEMENTS--GENERAL INFORMATION
fixed length control field 971103s1969 enkac b 000 0 eng d
010 ## -
-- MRC02702606
035 ## - SYSTEM CONTROL NUMBER
System control number tcgc240314
040 ## - CATALOGING SOURCE
Transcribing agency MvI
082 ## - DEWEY DECIMAL CLASSIFICATION NUMBER
Classification number 222.1106
Item number HAR
090 ## - LOCALLY ASSIGNED LC-TYPE CALL NUMBER (OCLC); LOCAL CALL NUMBER (RLIN)
Classification number (OCLC) (R) ; Classification number, CALL (RLIN) (NR) BS1239
Local cutter number (OCLC) ; Book number/undivided call number, CALL (RLIN) .H3 1969
100 1# - MAIN ENTRY--PERSONAL NAME
Personal name Hargreaves, John,
Dates associated with a name 1911-2008.
9 (RLIN) 3105
245 12 - TITLE STATEMENT
Title A Guide to the book of Genesis.
Statement of responsibility, etc. With a foreword by William Neil.
260 ## - PUBLICATION, DISTRIBUTION, ETC.
Place of publication, distribution, etc. Delhi:
Name of publisher, distributor, etc. ISPCK,
Date of publication, distribution, etc. 1987
300 ## - PHYSICAL DESCRIPTION
Extent xii, 180 p. :
Other physical details illus., ports. ;
Dimensions 22 m.
490 1# - SERIES STATEMENT
Series statement ISPCK Study Guide ;
Volume/sequential designation 3
504 ## - BIBLIOGRAPHY, ETC. NOTE
Bibliography, etc. note Includes bibliography.
630 00 - SUBJECT ADDED ENTRY--UNIFORM TITLE
Uniform title Bible.
Name of part/section of a work Genesis
Form subdivision Commentaries.
9 (RLIN) 13616
830 #0 -
-- TEF study guide ;
-- 3.
-- 16514
942 ## - ADDED ENTRY ELEMENTS (KOHA)
Source of classification or shelving scheme Dewey Decimal Classification
Koha item type Books
Koha issues (borrowed), all copies 3
Holdings
Withdrawn status Lost status Source of classification or shelving scheme Damaged status Not for loan Home library Current Library Shelving location Date acquired Total checkouts Full call number Barcode Date last seen Date last checked out Copy number Price effective from Koha item type
    Dewey Decimal Classification     GRACE BIBLE COLLEGE GRACE BIBLE COLLEGE Biblical Studies 2023-01-24 3 222.1106 HAR 020375 2025-05-01 2024-09-20 c.1 2023-01-24 Books
© Grace Bible College Library 2025